000 00400cam a2200157ua 4500
041 _aeng
_h
082 _a491.7
_bPOT/RU
100 _aPotapova, N F .
245 _aRussian: Elementary course /
_cN F Potapova.
_hTextual Documents
250 _a1 /
_b.
260 _aMoscow :
_bForeign Language Publishing House ,
_c1955.
300 _a479 ; .
504 _a
942 _cBK
999 _c5689
_d5689